00738cam a2200241 450000100070000000500170000700800410002401000170006502000330008204000180011504100080013308000150014108200150015610000070017110100080017824500820018635000100026850400300027890600450030894200120035399900170036595201140038234581820180226035506.0710128s1972 dcua b 001 0 eng  a 76039698  a0815767706a0815767692 (pbk) aDLCcDLCdDLC aeng a388.4 OWE00a388.4 OWE1 a52 aEKO14aThe accessible cityc[by] Wilfred Owen with the assistance of Inai Bradfield. a$6.50 aBibliography: p. 141-143. a7bcbccorignewd1eocipf19gy-gencatlg 2ddccBK c43407d43407 00102udc40708PËKGa002b002cPËKGd2018-02-26l0o388.4 OWEp002-2999518r2018-02-26w2018-02-26yBK